| 000 | 00379nam a2200145Ia 4500 | ||
|---|---|---|---|
| 008 | 230917s9999||||xx |||||||||||||| ||und|| | ||
| 040 |
_e154787 _aMAIN |
||
| 041 | _aEnglish | ||
| 082 | _a294.6 G537J:B | ||
| 100 | _aInderjit Singh | ||
| 245 | 0 | _aBadshah darvesh Guru Gobind Singh | |
| 260 |
_aChandigarh _bGuru Gobind Singh Foundation _c1967 |
||
| 300 | _a350 p. | ||
| 942 | _cBK | ||
| 999 |
_c226140 _d226140 |
||